Catalog

Record Details

Catalog Search



Sarah's garden #1 [Large Print]/ by Kelly Long.

Long, Kelly.(Author).

Available copies

  • 1 of 1 copy available at LARL/NWRL Consortium.

Current holds

0 current holds with 1 total copy.

Show Only Available Copies
Location Call Number / Copy Notes Barcode Shelving Location Status Due Date
Roseau Public Library lp LON (Text) 35500004749253 Main Available -

Record details

  • ISBN: 9781410431066
  • ISBN: 1410431061
  • Physical Description: 427 p. (large print) ; 23 cm.
  • Publisher: Waterville, Me. : Thorndike Press, 2010.
Subject: Amish > Fiction.
Large type books.
Genre: Christian fiction.
Love stories.
LDR 01034nam a22003378a 4500
001124863
003LARL_NWRL_CONSORTIUM
00520101124112156.0
008100723r20102010meu d 000 1 eng
020 . ‡a9781410431066
020 . ‡a1410431061
035 . ‡a(OCoLC)650020065
049 . ‡aNRGE
08200. ‡a813/.6 ‡222
1001 . ‡aLong, Kelly. ‡0(LARL_NWRL_CONSORTIUM)201253
24510. ‡aSarah's garden ‡n#1 ‡h[Large Print]/ ‡cby Kelly Long.
260 . ‡aWaterville, Me. : ‡bThorndike Press, ‡c2010.
300 . ‡a427 p. (large print) ; ‡c23 cm.
4900 . ‡aPatch of heaven ; ‡v[1]
650 0. ‡aAmish ‡vFiction. ‡0(LARL_NWRL_CONSORTIUM)163281
655 7. ‡aChristian fiction. ‡2gsafd
655 7. ‡aLove stories. ‡2gsafd
650 0. ‡aLarge type books. ‡0(LARL_NWRL_CONSORTIUM)24284
901 . ‡a124863 ‡bOCLC ‡c124863 ‡tbiblio

Additional Resources